| 000 | 00000nas 2200000za 4500 |
| 001 | 9.855221 |
| 003 | CaOODSP |
| 005 | 20221107155240 |
| 007 | cr ||||||||||| |
| 008 | 180413d19481948oncar p oss f0###a0eng|d |
| 022 | |y0848-4406 |
| 040 | |aCaOODSP|beng |
| 043 | |an-cn--- |
| 086 | 1 |aCS47-203E-PDF |
| 245 | 04|aThe musical instrument industry in Canada |h[electronic resource]. |
| 260 | |a[Ottawa] : |bDominion Bureau of Statistics, Industry and Merchandising Division, General Manufactures Section, |c[1950?] |
| 310 | |aAnnual |
| 362 | 0 |a1948. |
| 500 | |aDigitized edition from print [produced by Statistics Canada]. |
| 692 | 07|2gccst|aMusic |
| 710 | 1 |aCanada. |bDominion Bureau of Statistics. |bGeneral Manufactures Section. |
| 780 | 00|tReport on the musical instrument industry in Canada |w(CaOODSP)9.855220 |
| 785 | 00|tThe musical instrument industry |w(CaOODSP)9.855223 |